000 00669nam a22002177a 4500
005 20260122084157.0
008 260122b |||||||| |||| 00| 0 eng d
020 _a978-1-9821-1441-1
082 _aFic. An571 2020
100 _aAndrews, Virgina C.
_972
245 _aOut of the attic /
_cV. C. [Virginia C.] Andrews
260 _aNew York:
_bGallery Books,
_cc2020
300 _a[326]p.
490 _aThe Dollanganger family series,
_x10
541 _e7843 c.1
650 _aDysfunctional families - Fiction
_973
650 _aFamily secrets - Fiction
_974
650 _aDomestic fiction
_975
650 _aSuspense - Fiction
_976
650 _aMothers - Fiction
_977
999 _c2466
_d2466